| 000 | 01033nam a2200325Ia 4500 | ||
|---|---|---|---|
| 003 | OSt | ||
| 005 | 20221007122650.0 | ||
| 006 | a|||||r|||| 00| 0 | ||
| 007 | ta | ||
| 008 | 221006b |||||||| |||| 00| 0 eng d | ||
| 020 | _a9780521176330 (Pbk) | ||
| 024 | _a151461 | ||
| 037 |
_b1390, 23/09/2011, Ashutosh Technical Books _cTextual |
||
| 040 |
_aPAPL _cPAPL _beng |
||
| 041 |
_2eng _aeng |
||
| 082 | _aCN30, P9;8-;11 CARPA | ||
| 100 | _aZwiebach Barton | ||
| 245 | 0 | _aFirst course in string theory | |
| 250 | _a2 | ||
| 260 |
_aNew _bDelhi C U P _c2009 |
||
| 300 |
_axii:673p. _ccm. |
||
| 500 | _aInclude bibliographical references 659-666p; Index 667-673p | ||
| 650 |
_a Electromac reaction _9714840 |
||
| 650 |
_a Gravitation dimension _9714841 |
||
| 650 |
_a String development _9714842 |
||
| 650 |
_a String theory _9713986 |
||
| 650 | _aPhysics | ||
| 942 |
_hCN30, P9;8-;11 CARPA _cTEXL _2CC |
||
| 999 |
_c1210748 _d1210748 |
||